banner-ar

موسوعة المآذن العثمانية / (Record no. 60293)

MARC details
000 -الفاتح
حقل البيانات ثابتة الطول 01127nam a2200265 4500
005 - وقت وتاريخ اخر تعامل مع التسجيلة
رقم الضبط 20240530110402.0
008 - عناصر البيانات ثابتة الطول - معلومات عامة
حقل البيانات ثابتة الطول 150124s2012 ua fd f b 000 0 ara d
017 ## - رقم الايداع القانونى
رقم الايداع القانونى 2011/11780
المصدر ( الهيئة المختصة) مصر . دار الكتب المصرية
020 ## - الرقم الدولى المعيارى للكتب
الرقم الدولى المعيارى للكتاب 9789773279073
040 ## - مصدر الفهرسة
وكالة الفهرسة الأصلية EG-CaGPL
041 0# - رمز اللغة
رمز لغة النص/ المسارات الصوتية أو العنوان الانفرادي ara
082 04 - رقم تصنيف ديوى العشرى
رقم الطبعة 21
رقم التصنيف 726.2
رقم المادة م م
100 0# - المدخل الرئيسى - إسم شخصى
الإسم الشخصى محمد احمد عبداللطيف
245 10 - بيان العنوان
العنوان موسوعة المآذن العثمانية /
بيان المسئوليه,etc محمد احمد عبداللطيف ؛ تقديم محمد عبدالستار عثمان
250 ## - بيان الطبعة
بيان الطبعة ط1
260 ## - PUBLICATION, DISTRIBUTION, ETC. (IMPRINT)
تاريخ النشر أو التوزيع 2012
300 ## - الوصف المادى
التعداد 2 مج :
تفاصيل ماديه اخرى للوعاء لوحات ؛
أبعاد الوعاء 24 سم
504 ## - تبصرة ببليوجرافية
تبصرة ببليوجرافية,الخ يشتمل على ارجاعات ببليوجرافية
650 04 - المدخل الاضافى بالموضوع-مصطلح موضوعى
مصطلح موضوعي المآذن
التقسيم الفرعي العام عمارة
التقسيم الفرعي الجغرافي القاهرة
650 04 - المدخل الاضافى بالموضوع-مصطلح موضوعى
مصطلح موضوعي المآذن
التقسيم الفرعي العام عمارة
التقسيم الفرعي الزمني العصر العثمانى
650 04 - المدخل الاضافى بالموضوع-مصطلح موضوعى
مصطلح موضوعي المآذن
التقسيم الفرعي العام زخرفة
التقسيم الفرعي الزمني العصر العثمانى
التقسيم الفرعي الجغرافي القاهرة
700 0# - المدخل الاضافى - اسم شخصى
الإسم الشخصى محمد عبدالستار عثمان
الدور مقدم
942 ## - عناصر المدخل الإضافي( كوها)
مصدر التصنيف او مخطط الترفيف Dewey Decimal Classification
Koha [default] item type كتاب
260 ## - PUBLICATION, DISTRIBUTION, ETC. (IMPRINT)
-- الاسكندرية :
-- دار الوفاء لدنيا الطباعة والنشر ،
Holdings
حالة التراجع حالة الفقد حالة تلف ليس للاعارة المكان المؤقت الموقع الحالى تاريخ الاكتساب اجمالي اﻻعارات رقم الطلب الباركود تاريخ اخر مشاهدة تاريخ تفعيل السعر نوع وعاء كوها
        مكتبة القاهرة الكبرى مكتبة القاهرة الكبرى 01/26/2015   726.2 م م 159313 01/26/2015 01/26/2015 كتاب
        مكتبة القاهرة الكبرى مكتبة القاهرة الكبرى 01/26/2015   726.2 م م 159314 01/26/2015 01/26/2015 كتاب

Powered By

EGPV